Industria telefónica en México: monopolio y entrada en pequeña escala. Una revisión /

La evolución reciente de la telefonía en México representa un caso de significativo interés en el ámbito de la organización industrial. Este trabajo examina la aplicabilidad del modelo de entrada en pequeña escala (Epe), para explicar la evolución de los precios y algunos otros aspectos relevantes d...

Deskribapen osoa

Gorde:
Xehetasun bibliografikoak
Egile nagusia: Anaya Díaz, Alfonso
Formatua: Texto
Gaiak:
Etiketak: Etiketa erantsi
Etiketarik gabe, Izan zaitez lehena erregistro honi etiketa jartzen!

MARC

LEADER 00000 a a2200000 04500
001 44326
003
040
100 |a Anaya Díaz, Alfonso  
245 |a Industria telefónica en México:   |b monopolio y entrada en pequeña escala. Una revisión /  |c Alfonso Anaya Díaz  
520 |a La evolución reciente de la telefonía en México representa un caso de significativo interés en el ámbito de la organización industrial. Este trabajo examina la aplicabilidad del modelo de entrada en pequeña escala (Epe), para explicar la evolución de los precios y algunos otros aspectos relevantes de la evolución de largo plazo de la industria telefónica en México.  
590 |a RRH/FEBRERO2013  
650 |a 1.MERCADO  
650 |a 2.EMPRESAS  
650 |a 3.ORGANIZACION DE LA EMPRESA  
650 |a 4.MICROECONOMIA  
650 |a 5.TELEFONO  
650 |a 6.MEXICO  
773 |g número371 ( , 2011), páginas 52-69 : tablas, gráficos  
999 |c 30047  |d 30047